000 01013nam0a22002651 4500
001 rc\3953766
005 20260407132151.0
021 _aRU
_b[56-32879]
035 _a(NLR Aleph) 008046093
090 _a8911985
_c8911985
100 _a20130415d1957 |||y0rusy50 ca
101 0 _arus
102 _aRU
105 _ay z |||||
200 1 _aСоветы дружиннику спасателю
_fВсесоюз. ордена Красного Знамени добровольное о-во содействия армии, авиации и флоту
210 _aБаку
_cИзд-во ДОСААФ
_d1957
215 _a8 с.
_d21
300 _aБез тит. л. и обл.
606 _aСпасание на водах
_2psbo
712 0 2 _aВсесоюзное добровольное о-во содействия армии, авиации и флоту
_9480686
_3RU\NLR\AUTH\889992207
801 0 _aRU
_bNLR
_gpsbo
801 1 _aRU
_bELAR
_2rusmarc
852 _aNLR
_j57-6/3996
942 _cBOOK
980 _aNB